zpět

Detail výsledku týmu

Infinity c&c bar, Zlín

Datum a čas kvízu

39 Celkem bodů Celkový počet nahraných bodů na tomto kvízu bez doplňovacích otázek.
1. Pořadí na kvízu Konečné umístění týmu na tomto kvízu.

Zaznamenané odpovědi

# Otázka Odpověď Body Výsledky
1. Návštěvníci Pražského hradu mo... C) včelín 1
2. Kolumbijský parlament odhlasov... D) býčích zápasů 0
3. Jednu miliardu dolarů. Tolik j... Queen 1
4. Kvůli nařízení Evropské unie t... Alfa Romeo 1
5. Minulý týden se dostala do méd... David Limberský 1
6. Kterým výrazem na písmeno M se... mixologie 1
7. Ernest Hemingway měl údajně v... Daiquiri 1
8. Oblíbenou složkou míchaných ná... pomeranči 0
9. Ve filmu Někdo to rád horké se... Manhattan 0
10. V poslední otázce se podíváme... vaječný likér; griotku 1